000 00735nam a2200253Ia 4500
003 OSt
005 20220927112049.0
006 a|||||r|||| 00| 0
007 ta
008 220926b |||||||| |||| 00| 0 eng d
024 _a103220
037 _cReports
040 _aRTL
_cRTL
_beng
041 _2eng
_aeng
082 _a"z.2.N51t:5:g, GD"
110 _aIndian Chamber Of Commerce (Calcutta)
_9369528
245 0 _aFirst five year plan
_b Memorandum submitted to the
260 _aCalcutta
_bThe Author India
300 _a37p.
_ccm.
650 _aGeneralia
700 _aIndian Chamber Of Commerce (Calcutta)
_9369529
942 _h"z.2.N51t:5:g, GD"
_cCC
999 _c699781
_d699781